Reseña de los documentos pertenecientes a la coleccion paleográfica de Juan de Tro y Ortolano presentados en la Exposicion Universal de 1867 en Paris. (Record no. 163346)

MARC details
000 -LEADER
campo de control de longitud fija 01018nam a2200241 i 4500
001 - NÚMERO DE CONTROL
campo de control 163346
003 - IDENTIFICADOR DE NÚMERO DE CONTROL
campo de control ES-MaACL
005 - FECHA Y HORA DE LA ÚLTIMA TRANSACCIÓN
campo de control 20250828123742.0
008 - DATOS DE LONGITUD FIJA--INFORMACIÓN GENERAL
campo de control de longitud fija 010711s1867 fr |||| | spa d
040 ## - FUENTE DE CATALOGACIÓN
Centro catalogador/agencia de origen CAM
Lengua de catalogación spa
Centro/agencia transcriptor CAM
245 00 - MENCIÓN DEL TÍTULO
Título Reseña de los documentos pertenecientes a la coleccion paleográfica de Juan de Tro y Ortolano presentados en la Exposicion Universal de 1867 en Paris.
260 ## - PUBLICACIÓN, DISTRIBUCIÓN, ETC.
Lugar de publicación, distribución, etc. Paris :
Nombre del editor, distribuidor, etc. [s.n.],
Fecha de publicación, distribución, etc. 1867 (
Fabricante Imprenta General de Ch. Lahure)
300 ## - DESCRIPCIÓN FÍSICA
Extensión 51 p. ;
Dimensiones 16 x 25.
594 ## - Nota al título y mención de responsabilidad
Nota al título y mención de responsabilidad Port. y texto paralelos en francés y español.
611 24 - PUNTO DE ACCESO ADICIONAL DE MATERIA--NOMBRE DE REUNIÓN/CONGRESO
Nombre de congreso/reunión o jurisdicción como elemento de entrada Exposition Universelle.
Fecha del congreso o de la firma del tratado 1867.
Sede del congreso/Lugar de la reunión Paris)
9 (RLIN) 135153
651 #4 - PUNTO DE ACCESO ADICIONAL DE MATERIA--NOMBRE GEOGRÁFICO
Nombre geográfico España-
Subdivisión general Historia-
Subdivisión de forma Fuentes-
-- Bibliografías.
9 (RLIN) 149318
700 11 - ENTRADA AGREGADA--NOMBRE PERSONAL
Nombre de persona Tro y Ortolano, Juan de.
9 (RLIN) 133384
852 ## - LOCALIZACIÓN
Ubicación ES-MaACL
Número de control de estantería Z-3-F-25
Ubicación en estantería Depósito Z
856 ## - LOCALIZACIÓN Y ACCESO ELECTRÓNICOS
Identificador Uniforme de Recursos <a href="https://bdh-rd.bne.es/viewer.vm?id=0000248183&page=1">https://bdh-rd.bne.es/viewer.vm?id=0000248183&page=1</a>
Texto de enlace Versión digital en línea
Nota pública (Biblioteca Digital Hispánica)
942 ## - ELEMENTOS DE ENTRADA SECUNDARIOS (KOHA)
Fuente del sistema de clasificación o colocación Clasificación decimal universal
Tipo de ítem Koha Folleto
Suprimir en OPAC No
Holdings
Estatus retirado Estado de pérdida Estado de daño No para préstamo Colección Biblioteca de origen Biblioteca actual Ubicación en estantería Fecha de adquisición Total de préstamos Signatura topográfica completa Código de barras Visto por última vez Precio de reemplazo Tipo de ítem Koha
        Libros del s. XIX Biblioteca del Ateneo de Madrid Biblioteca del Ateneo de Madrid Depósito Z 17/01/2008   Z-3-F-25 1171171 23/02/2023 23/02/2023 Libro impreso antiguo